Területi statisztikai évkönyv 1993

Na minha lista:
Detalhes bibliográficos
Formato: Livro
Idioma:húngaro
Publicado em: Budapest Központi statisztikai hivatal 1994
Assuntos:
Tags: Adicionar Tag
Sem tags, seja o primeiro a adicionar uma tag!

MARC

LEADER 00000nam a2200000 4500
001 c010307
005 20250207075125.7
041 0 |a hun 
044 |a HU 
245 1 0 |a Területi statisztikai évkönyv 1993 
264 1 |a Budapest  |b Központi statisztikai hivatal  |c 1994 
300 |a 292 s. 
610 2 0 |a Maďarsko 
610 2 0 |a štatistika regionálna